00277 a2200097 4500001001000000005001700010008004100027245004800068100002200116773004100138ART_4847420260410161631.0260409a 10aEfectos fiscales del ajuste por inflación1 aZgaib, Alfredo O.0 tEnfoquesg- N°1 (ene. 2019)wREV416